000 00573nam a22001697a 4500
005 20251108170935.0
008 250721s1982 xx 000 0 ara d
082 1 4 _aم/.017.1/محم
100 1 _aمحمد، محمود أحمد
_eإعداد
245 1 0 _aفهرست مخطوطات مكتبة الأوقاف المركزية السليمانية /
264 1 _aبغداد :
_bمطبعة بغداد،
_c1982.
300 _a594ص
650 1 7 _aمكتبة الأوقاف العامة(السليمانية)
650 1 7 _aفهارس
942 _2ddc
_cREF
999 _c52619
_d52619